000 00415nam a2200145 4500
001 16470
010 _a978989576339
090 _a16470
100 _a20260206 pory50
200 _aA mitologia grega de A a Z
_fLuc Ferry
_gtrad. Joana Baudouin
210 _aLisboa
_cGuerra e Paz
_d2026
215 _a330 p.
_d23 cm
304 _aTit. orig." La Mythologie de A a Z pour les Nuls"
801 _aPT
_bBMA
_gRPC
990 _cLIVROS